header

Instrumentation and control (Record no. 79367)

MARC details
000 -LEADER
fixed length control field 01569nam a2200421Ia 4500
082 04 - DEWEY DECIMAL CLASSIFICATION NUMBER
Classification number 628.1 s
-- 628.1
245 00 - TITLE STATEMENT
Title Instrumentation and control
250 ## - EDITION STATEMENT
Edition statement 3rd ed.
260 ## - PUBLICATION, DISTRIBUTION, ETC. (IMPRINT)
Place of publication Denver, CO :
Name of publisher American Water Works Association,
Year of publication c2001.
300 ## - PHYSICAL DESCRIPTION
Number of Pages xv, 225 p. :
Other physical details ill.
490 1# - SERIES STATEMENT
Series statement AWWA manual ;
500 ## - GENERAL NOTE
General note New ed. of: Automation and instrumentation. c1983.
General note "Manual of water supply practices: M2".
650 #0 - SUBJECT ADDED ENTRY--TOPICAL TERM
Topical Term Waterworks
Topical Term Waterworks
856 40 - ELECTRONIC LOCATION AND ACCESS
Uniform Resource Identifier http://site.ebrary.com/lib/rucke/Doc?id=10573277

No items available.

© 2026 Rongo University
Contact us: librarian | system librarian | Rongo university